| 000 | 006640000a22002050004500 | ||
|---|---|---|---|
| 001 | 29897 | ||
| 010 | _a978-989-554-412-7 | ||
| 100 | _a20091215d2008 m y0pory5003 ba | ||
| 101 | 0 | _apor | |
| 102 | _aPT | ||
| 200 | 1 |
_aEurico, o presbítero _fAlexandre Herculano |
|
| 210 |
_aLisboa _cQuidnovi _d2008 |
||
| 215 | _a160 p | ||
| 225 | 2 |
_aGrandes autores portugueses _v7 |
|
| 300 | _aOferta com o Jornal de Notícias para comemoração dos 120 anos do jornal | ||
| 675 |
_a821.134.3-311.6 _vBN _zpor |
||
| 700 | 1 |
_948870 _aHerculano _bAlexandre _f1810-1877 |
|
| 090 | _a29897 | ||
| 942 |
_cMON _n0 |
||
| 999 | _a29897 | ||